| 000 | 00629nam a2200193Ia 4500 | ||
|---|---|---|---|
| 003 | GCL | ||
| 008 | 140319s9999 xx 000 0 ara d | ||
| 040 |
_aGCL / _cGCL |
||
| 082 | 0 | 4 |
_a370.7 _bهـ ت |
| 100 | 1 | _aابوالفتوح رضوان | |
| 245 | 1 | 0 |
_aالتربية المقارنه / _cابوالفتوح رضوان |
| 700 | 1 | _aيوسف ميخائيل اسعد | |
| 700 | 1 | _aهانز، نقولاس | |
| 260 |
_aالقاهرة : _bدار النهضة العربية ، _c1966 |
||
| 300 |
_a450 ص ؛ _c24 سم |
||
| 650 | 0 | 4 | _aالتربية - علم |
| 650 | 0 | 4 | _aالتربية المقارنة |
| 942 |
_2ddc _cBK |
||
| 999 |
_c43207 _d43207 |
||